Đá cầu : Tài liệu đào tạo giáo viên tiểu học trình độ cao đẳng và đại học sư phạm

Tài liệu cung cấp các kiến thức khoa học cơ bản và cần thiết về phương pháp dạy học, tập luyện môn đá cầu, trên cơ sở đó nâng cao kiến thức và kĩ năng thực hành đá cầu cho sinh viên

Αποθηκεύτηκε σε:
Λεπτομέρειες βιβλιογραφικής εγγραφής
Κύριος συγγραφέας: Ngô, Minh Viên
Μορφή: Βιβλίο
Γλώσσα:Undetermined
Έκδοση: Hà Nội Giáo dục 2007
Θέματα:
Ετικέτες: Προσθήκη ετικέτας
Δεν υπάρχουν, Καταχωρήστε ετικέτα πρώτοι!
Thư viện lưu trữ: Trung tâm Học liệu Trường Đại học Cần Thơ
LEADER 01107nam a2200253Ia 4500
001 CTU_129544
008 210402s9999 xx 000 0 und d
082 |a 796.2071 
082 |b V305 
100 |a Ngô, Minh Viên 
245 0 |a Đá cầu : 
245 0 |b Tài liệu đào tạo giáo viên tiểu học trình độ cao đẳng và đại học sư phạm 
245 0 |c Ngô Minh Viên, Nguyễn Ngọc Việt 
260 |a Hà Nội 
260 |b Giáo dục 
260 |c 2007 
520 |a Tài liệu cung cấp các kiến thức khoa học cơ bản và cần thiết về phương pháp dạy học, tập luyện môn đá cầu, trên cơ sở đó nâng cao kiến thức và kĩ năng thực hành đá cầu cho sinh viên 
526 |a Phổ tu đá cầu 
526 |b TC380 
650 |a Physical education teachers,Physical education 
650 |x Training of,Instruction and study 
650 |z Vietnam 
904 |i Huỳnh Mai 
980 |a Trung tâm Học liệu Trường Đại học Cần Thơ